| 000 | 00433nam a2200133Ia 4500 | ||
|---|---|---|---|
| 008 | 170516s9999 xx 000 0 und d | ||
| 245 | _aBiosimilar G-CSF Based Mobilization of Peripheral Blood Hematopoietic Stem Cells for Autologous and Allogeneic Stem Cell Transplantation | ||
| 260 | _bTheranostics | ||
| 260 | _c2014 | ||
| 300 | _a4:3 | ||
| 650 | _xMedical Technology | ||
| 650 | _xMedtech | ||
| 856 | _uhttp://www.thno.org/v4i3 | ||
| 999 |
_c330041 _d330041 |
||